[Event "Netanya op"]
[Site "Netanya"]
[Date "2019.06.24"]
[Round "2"]
[White "Tal Shahar, Liam"]
[Black "Freidles, Victor"]
[Result "1-0"]
[WhiteElo "1623"]
[BlackElo "2040"]
[PlyCount "93"]
[EventDate "2019.06.23"]
[EventType "swiss"]
[EventRounds "9"]
[EventCountry "ISR"]
[SourceTitle "CBM 191 Extra"]
[Source "ChessBase"]
[SourceDate "2019.09.30"]
[SourceVersion "1"]
[SourceVersionDate "2019.09.30"]
[SourceQuality "1"]

1. e4 c6 2. d4 d5 3. exd5 cxd5 4. c4 Nf6 5. Nc3 Nc6 6. Bg5 Be6 7. c5 Ne4 8. Be3 g6 9. Bb5 Bg7 10. Nge2 0-0 11. 0-0 f5 12. Nf4 Bf7 13. Qa4 g5 14. Nfxd5 Nxc3 15. Nxc3 f4 16. d5 Ne5 17. Bd4 a6 18. Be2 f3 19. gxf3 Be8 20. Qd1 Ng6 21. Bxg7 Kxg7 22. Ne4 Rf5 23. d6 Bc6 24. dxe7 Qxe7 25. Qd4+ Qe5 26. Ng3 Rf7 27. Qxe5+ Nxe5 28. b4 Rh8 29. a4 h5 30. b5 Bxf3 31. Bxf3 Nxf3+ 32. Kg2 Nh4+ 33. Kh1 axb5 34. axb5 Rc8 35. Ne4 Re7 36. Ra4 Nf3 37. Rc1 Re5 38. b6 g4 39. Rac4 Rce8 40. Nd6 Re1+ 41. Kg2 Rf8 42. Kg3 Re2 43. R4c2 Ne1 44. Rxe2 Rf3+ 45. Kh4 Nd3 46. Rc3 Rh3+ 47. Kg5 1-0

[Event "Jerusalem Japhet Memorial op 4th"]
[Site "Jerusalem"]
[Date "2018.07.01"]
[Round "1"]
[White "Melia, Salome"]
[Black "Freidles, Victor"]
[Result "1-0"]
[WhiteElo "2392"]
[BlackElo "2035"]
[PlyCount "141"]
[EventDate "2018.07.01"]
[EventType "swiss"]
[EventRounds "7"]
[EventCountry "ISR"]
[SourceTitle "CBM 185 Extra"]
[Source "ChessBase"]
[SourceDate "2018.07.29"]
[SourceVersion "1"]
[SourceVersionDate "2018.07.29"]
[SourceQuality "1"]

1. e4 e5 2. Nf3 Nc6 3. Bc4 Bc5 4. 0-0 d6 5. c3 Nf6 6. d3 Bb6 7. Nbd2 Ne7 8. Bb3 Ng6 9. Nc4 0-0 10. h3 Be6 11. Ng5 Bxc4 12. Bxc4 c6 13. Bb3 d5 14. exd5 cxd5 15. Nf3 Qd6 16. Bg5 Rad8 17. Nh4 h6 18. Nxg6 fxg6 19. Be3 Bc7 20. g3 Kh7 21. Re1 Nh5 22. Qg4 Nf6 23. Qh4 Nh5 24. Qg4 Nf6 25. Qb4 Qd7 26. Qh4 Qf5 27. g4 g5 28. Qxh6+ gxh6 29. gxf5 Rfe8 30. d4 e4 31. Bd1 Bf4 32. Be2 a6 33. Rac1 Rc8 34. c4 dxc4 35. Bxc4 Rcd8 36. Be6 Re7 37. Rc5 Bd6 38. Rc2 Rc7 39. Rxc7+ Bxc7 40. Rc1 Bb6 41. d5 Bxe3 42. fxe3 Ne8 43. Rc4 Kg7 44. Rxe4 Kf6 45. Rc4 Ke5 46. Kf2 Nd6 47. Rc7 Rf8 48. Re7 Kf6 49. Rh7 Nxf5 50. Bxf5 Kxf5 51. Rxh6 Ke4+ 52. Ke2 Rc8 53. d6 Rc2+ 54. Kd1 Rc5 55. Kd2 Rd5+ 56. Kc3 Kxe3 57. Kc4 Rd2 58. Kc5 Kf4 59. Rh7 Rxb2 60. d7 Rd2 61. Kb6 Kf5 62. Kc7 Rc2+ 63. Kxb7 Rd2 64. Kc7 Rc2+ 65. Kd8 Kf6 66. Ke8 Re2+ 67. Kf8 Rd2 68. Rh6+ Kf5 69. Ke7 Re2+ 70. Kd6 Rd2+ 71. Kc7 1-0

[Event "Kiryat Ono op-A 4th"]
[Site "Kiryat Ono"]
[Date "2013.07.03"]
[Round "4"]
[White "Freidles, Victor"]
[Black "Ben Natan, Yigal"]
[Result "1-0"]
[WhiteElo "1993"]
[BlackElo "2136"]
[PlyCount "123"]
[EventDate "2013.06.30"]
[EventType "swiss"]
[EventRounds "5"]
[EventCountry "ISR"]
[SourceTitle "CBM 155 Extra"]
[Source "ChessBase"]
[SourceDate "2013.08.26"]
[SourceVersion "1"]
[SourceVersionDate "2013.08.26"]
[SourceQuality "1"]

1. e4 e5 2. Nf3 Nc6 3. d4 exd4 4. Nxd4 Nf6 5. Nc3 Bb4 6. Nxc6 bxc6 7. Bd3 d5 8. exd5 0-0 9. 0-0 cxd5 10. Bg5 c6 11. Ne2 Bg4 12. c3 Be7 13. Qc2 h6 14. Bh4 Re8 15. Nd4 Qc7 16. Rfe1 Rad8 17. h3 Bc8 18. Re2 c5 19. Nf5 Bxf5 20. Bxf5 Nh5 21. Rae1 g5 22. Bg6 fxg6 23. Qxg6+ Ng7 24. Bg3 Qd7 25. Be5 Bf8 26. Bxg7 Rxe2 27. Bxf8+ Kxf8 28. Qxh6+ Qg7 29. Qxg7+ Kxg7 30. Rxe2 Kf6 31. f3 d4 32. cxd4 cxd4 33. Kf2 Kf5 34. Re4 d3 35. g4+ Kf6 36. Ke1 Rc8 37. Kd2 Rc2+ 38. Kxd3 Rxb2 39. Ra4 Rb7 40. Ra6+ Ke5 41. Ra5+ Kf6 42. Rf5+ Kg6 43. Rd5 Kf6 44. a4 Rh7 45. Rf5+ Kg6 46. Ra5 Kf6 47. Kd4 Rd7+ 48. Ke3 Rh7 49. Ra6+ Ke5 50. Ra5+ Kf6 51. Ke4 Rd7 52. Rd5 Rh7 53. Rd6+ Ke7 54. Ra6 Kd8 55. Rg6 Re7+ 56. Kf5 Re3 57. Kxg5 Rxf3 58. h4 Ra3 59. h5 Rxa4 60. h6 Ra5+ 61. Kf6 Ra1 62. h7 1-0

[Event "Kiryat Ono op-A 4th"]
[Site "Kiryat Ono"]
[Date "2013.07.01"]
[Round "2"]
[White "Freidles, Victor"]
[Black "Elbaum, Almog"]
[Result "1-0"]
[WhiteElo "1993"]
[BlackElo "2116"]
[PlyCount "73"]
[EventDate "2013.06.30"]
[EventType "swiss"]
[EventRounds "5"]
[EventCountry "ISR"]
[SourceTitle "CBM 155 Extra"]
[Source "ChessBase"]
[SourceDate "2013.08.26"]
[SourceVersion "1"]
[SourceVersionDate "2013.08.26"]
[SourceQuality "1"]

1. e4 e6 2. d4 d5 3. exd5 exd5 4. Nf3 Bd6 5. c4 c6 6. Nc3 Ne7 7. c5 Bc7 8. Bd3 Bf5 9. 0-0 0-0 10. Re1 Bxd3 11. Qxd3 Nd7 12. Bg5 f6 13. Bh4 Re8 14. Bg3 Nf8 15. Re3 Bxg3 16. hxg3 Qd7 17. Rae1 Kf7 18. b4 h5 19. a4 g6 20. b5 Nf5 21. Rxe8 Rxe8 22. Rb1 Ne6 23. a5 Re7 24. Kf1 Qc8 25. Rb4 Qe8 26. Qb1 Qc8 27. Nh4 Nexd4 28. Nxg6 Kxg6 29. Rxd4 Qe6 30. a6 cxb5 31. axb7 Rxb7 32. Nxd5 Kf7 33. Nf4 Qc8 34. Rd5 Ng7 35. Qg6+ Kf8 36. Qxf6+ Kg8 37. Rd8+ 1-0

[Event "World Amateur-ch"]
[Site "Kallithea"]
[Date "2008.05.03"]
[Round "7"]
[White "Skoulakis, Charalambos"]
[Black "Freidles, Victor"]
[Result "1-0"]
[WhiteElo "1977"]
[BlackElo "1971"]
[PlyCount "109"]
[EventDate "2008.04.29"]
[EventType "swiss"]
[EventRounds "9"]
[EventCountry "GRE"]
[SourceTitle "CBM 124 Extra"]
[Source "ChessBase"]
[SourceDate "2008.07.03"]
[SourceVersion "1"]
[SourceVersionDate "2008.07.03"]
[SourceQuality "1"]

1. e4 e5 2. Nf3 Nc6 3. Bb5 Nge7 4. 0-0 g6 5. d4 exd4 6. Nxd4 Bg7 7. Nxc6 bxc6 8. Ba4 0-0 9. Nc3 d6 10. Bg5 Be6 11. Bxc6 Rb8 12. Bxe7 Qxe7 13. Rb1 Bxc3 14. bxc3 Bxa2 15. Rb4 Rb6 16. Bd5 Bxd5 17. Qxd5 Rfb8 18. f3 Qe5 19. Qxe5 dxe5 20. Ra1 Ra8 21. Ra5 f6 22. Rc4 c6 23. Rca4 Rb7 24. Ra6 Rc7 25. Kf2 Kf7 26. Ke3 Ke6 27. Kd3 Kd6 28. Kc4 Rb7 29. R4a5 h5 30. Rc5 Rb6 31. Ra1 g5 32. Rd1+ Ke6 33. Ra5 Rb7 34. Kc5 Rd7 35. Rxd7 Kxd7 36. Ra6 Ke7 37. c4 g4 38. Kxc6 gxf3 39. gxf3 Rc8+ 40. Kb5 Rc7 41. c5 h4 42. Kc4 Kf7 43. Kd5 Ke7 44. Re6+ Kf7 45. Kd6 Rxc5 46. Rxf6+ Kxf6 47. Kxc5 Kg5 48. c4 Kf4 49. Kb5 Kxf3 50. c5 Kxe4 51. c6 Kf3 52. c7 Kg2 53. c8Q Kxh2 54. Qg4 h3 55. Kc4 1-0

[Event "World Amateur-ch"]
[Site "Kallithea"]
[Date "2008.04.30"]
[Round "2"]
[White "Freidles, Victor"]
[Black "Ximitidou, Maria"]
[Result "1-0"]
[WhiteElo "1971"]
[BlackElo "1783"]
[PlyCount "91"]
[EventDate "2008.04.29"]
[EventType "swiss"]
[EventRounds "9"]
[EventCountry "GRE"]
[SourceTitle "CBM 124 Extra"]
[Source "ChessBase"]
[SourceDate "2008.07.03"]
[SourceVersion "1"]
[SourceVersionDate "2008.07.03"]
[SourceQuality "1"]

1. e4 d5 2. exd5 Qxd5 3. Nf3 Nf6 4. Nc3 Qa5 5. d4 Bf5 6. Bc4 e6 7. 0-0 Be7 8. Bf4 Nbd7 9. Nb5 Rc8 10. c3 a6 11. b4 Qb6 12. Na3 0-0 13. Bd3 Bxd3 14. Qxd3 Qc6 15. Nc4 b5 16. Nce5 Nxe5 17. Nxe5 Qe4 18. Qxe4 Nxe4 19. Nc6 Rfe8 20. Rfc1 Bd6 21. Be3 Bf8 22. a4 Ra8 23. Kf1 f6 24. c4 Nd6 25. Na5 bxc4 26. Nxc4 Rab8 27. Rab1 Red8 28. Na5 Rd7 29. Rc6 Rb6 30. d5 Rxc6 31. dxc6 Rd8 32. Rd1 Rb8 33. Bc5 Kf7 34. f3 e5 35. Ke2 Ke6 36. Kd3 Be7 37. Nc4 h5 38. Kc3 g5 39. Nxd6 Bxd6 40. Bxd6 cxd6 41. Kc4 Rb6 42. b5 axb5+ 43. axb5 Rb8 44. c7 Rc8 45. b6 Kd7 46. Kb5 1-0